000 00707nam a22002297a 4500
003 UA-OsUOA
001 102921
007 ta
008 20131007b un ||||| |||| 00| 0 ukr d
100 _aКарлін М.І.
700 _aІванчук Н.В.
090 _a330(477)
_bК23
942 _cSA
040 _aUA-OsUOA
_bukr
_cUA-OsUOA
_dUA-OsUOA
245 _aШляхи удосконалення адміністрування єдиного соціального внеску в Україні
300 _aС.93-103
955 _a0
041 _aukr
080 _a330(477)
773 0 _w102916
_tФінанси України
_dК.
_d2012
_g12
650 7 _a330 Економіка взагалі
_2UDC
999 _c389076
_d389076